LEADER 01290nam a2200289 i 4500 001 991000802419707536 008 100719s2009 fr af b 100 0 fre 020 $a9782915611342 020 $a2915611343 035 $ab13913943-39ule_inst 040 $aBiblioteca Interfacoltà$bita 082 04$a509.033 245 02$aL'héritage de Buffon /$ctextes réunis par Marie-Odile Bernez ; avant-propos de Thierry Hoquet 260 $aDijon :$bEditions universitaires de Dijon,$c2009 300 $a467 p., [14] p. di tav. :$bill. ;$c23 cm. 440 0$aHistoire et philosophie des sciences 504 $aInclude bibliografia 546 $aIncludes abstracts in inglese e francese 600 14$aBuffon, Georges Louis :$cLeclerc, comte de$xInfluenza$vCongressi 650 0$aAtti di una conferenza internazionale tenuta presso l'Università di Borgogna, Dijon, Francia, Sett. 3-6, 2007 700 1 $aBernez, Marie-Odile$eauthor$4http://id.loc.gov/vocabulary/relators/aut$0731450 907 $a.b13913943$b02-04-14$c19-07-10 912 $a991000802419707536 945 $aLE002 509.033 HER$g1$i2002000614544$lle002$op$pE30.00$q-$rl$s- $t0$u0$v0$w0$x0$y.i15154774$z19-07-10 996 $aHéritage de Buffon$91440989 997 $aUNISALENTO 998 $ale002$b19-07-10$cm$da $e-$ffre$gfr $h2$i0 LEADER 01111nam0 22003133i 450 001 USM1337166 005 20231121125915.0 010 $a0878932585 100 $a20160203d2003 ||||0itac50 ba 101 | $aeng 102 $aus 181 1$6z01$ai $bxxxe 182 1$6z01$an 200 1 $aDevelopmental biology$fScott F. Gilbert$gwith a chapter on plant development by Susan R. Singer 205 $a7. ed 210 $aSunderland, Mass.$cSinauer$d[2003] 215 $aXVII, 838 p.$cill.$d29 cm$eCD-ROM. 606 $aEmbriologia$2FIR$3RMLC015540$9I 676 $a571.8$9RIPRODUZIONE, SVILUPPO, ACCRESCIMENTO$v21 700 1$aGilbert$b, Scott F.$3LO1V017124$4070$053908 702 1$aSinger$b, Susan S.$3PUVV245880 801 3$aIT$bIT-01$c20160203 850 $aIT-FR0017 899 $aBiblioteca umanistica Giorgio Aprea$bFR0017 $eN 912 $aUSM1337166 950 0$aBiblioteca umanistica Giorgio Aprea$d 52MAG 6/2444$e 52FC 0000001095 VMB RS $fA $h20210908$i20210908 977 $a 52 996 $aDevelopmental biology$915021 997 $aUNICAS